| 000 | 00947ntaaa2200253 4500 | ||
|---|---|---|---|
| 003 | 01 | ||
| 005 | 20251027203238.0 | ||
| 008 | 0714s1973 ag 01 | ||
| 020 | _a9789871432134 | ||
| 040 |
_aAR-BaBN _bspa _cAR-BaBN _eaacr _dRIC |
||
| 082 | _a301 W38 | ||
| 100 |
_aWeber, Max _9157 |
||
| 245 |
_aEl sabio y la política / _cMax Weber, con prólogo de Juan Carlos Torre, y Delia García Giordano |
||
| 250 | _a1ª ed. | ||
| 260 |
_aCórdoba : _bUniversidad de Córdoba, _c2008 |
||
| 490 | _aMínima | ||
| 500 | _aPrólogo con datos biográficos y producción académica de Max Weber | ||
| 505 | _tLa ciencia como profesión. Traducción Delia García Giordano de Wissenschaft als Beruf, 1919 | ||
| 505 | _tLa política como profesión. Traducción J.L.B de Politik als Beruf, 1919 | ||
| 650 |
_aSOCIOLOGIA _9341 |
||
| 700 |
_aTorre, Juan Carlos _eprologuista _934814 |
||
| 700 |
_aGarcía Giordano, Delia _etraductor _934815 |
||
| 942 | _cBK | ||
| 999 |
_c27890 _d27890 |
||